| 000 | 00924-am-a2200229-a-4500 | ||
|---|---|---|---|
| 001 | 000076995 | ||
| 003 | AM-YEHGA | ||
| 005 | 20250617121804.0 | ||
| 008 | 980905s1988 ru ||||| |||| 00| 0 rus d | ||
| 020 | _a5020288020 | ||
| 040 | _aAM-YeHGA | ||
| 041 | 0 | _arus | |
| 100 | 1 | _aКондратьев, Валентин Георгиевич | |
| 245 | 1 | 0 |
_aГеокриологические исследования на переходах газопроводов через долины рек / _cВ.Г. Кондратьев. |
| 260 |
_aНовосибирск : _bНаука. Сиб. отд-ние, _c1988. |
||
| 300 |
_a192 с. : _bил. ; _c22 см. |
||
| 504 | _aБиблиогр.: с. 177-191 | ||
| 650 | 1 | 4 |
_aВечная мерзлота _xИсследование |
| 650 | 1 | 4 | _aГазопроводы магистральные в районах вечной мерзлоты |
| 942 |
_2udc _cBK |
||
| 090 | _c23673 | ||
| 999 |
_c23392 _d23392 |
||